|
|
|
|
| LEADER |
00000cam a2200000 7i4500 |
| 001 |
0000041507 |
| 005 |
20001127.0 |
| 020 |
|
|
|a 0875849369
|
| 090 |
0 |
0 |
|a 658.314
|b KAT
|
| 100 |
1 |
|
|a Katzenbach, Jon R.
|
| 245 |
1 |
0 |
|a Peak perfomance :
|b aligning the hearts and minds of your employees
|c John R. Katzenbach
|
| 260 |
|
|
|a Boston :
|b Harvard Business School Press ,
|c 2000
|
| 300 |
|
|
|a 283p. ;
|c 24cm.
|
| 650 |
0 |
0 |
|a Employee motivation
|
| 650 |
0 |
0 |
|a Personnel management
|
| 999 |
|
|
|a 096447
|b BUKU
|c PINJAMAN
|e PERPUSTAKAAN KOMUNITI PETALING JAYA
|
| 999 |
|
|
|a 099311
|b BUKU
|c PINJAMAN
|e PERPUSTAKAAN KOMUNITI PETALING JAYA
|